Score 0/15 Timer 10:00
1 Play Today
Question Answer Wrong Answers
Episode titles resemble the name of a scientific principle, theory or experiment. The Big Bang Theory
90.6%
The IT Crowd
1.3%
Jackass
0.7%
Medical Investigation
1.2%
Almost all episode titles begin 'The One With...' Friends
88.1%
Frasier
3%
Mad About You
1.8%
Family Ties
1.3%
Episode titles listed the time events started and finished. 24
80.5%
60 Minutes
6.8%
LOST
5.2%
Breaking Bad
1.3%
Episode titles could also be college courses. Community
63.2%
The Paper Chase
6.8%
A Different World
7.2%
How To Get Away With Murder
16.6%
In each of the final 4 seasons, all that season's episodes were titles of songs from the same rock band, a different band each season. That 70's Show
58.6%
WKRP in Cincinnati
14.9%
The Wonder Years
9.6%
The Monkees
10.5%
Episode titles were in the format 'The _____________ Affair' The Man From U.N.C.L.E.
50.6%
The Many Loves of Dobie Gillis
15.4%
The Bold Ones
7.5%
Peyton Place
19.9%
All episode titles are also song titles relevant to events in that show. Grey's Anatomy
48.9%
Bones
12%
House
24.6%
E.R.
8.2%
All episode titles began 'The Case of _________' Perry Mason
46.1%
Matlock
18.9%
Diagnosis: Murder
24.8%
The Practice
3.8%
All titles were '[Title Character] vs. ___________' Chuck
45.6%
Matlock
18.4%
Supergirl
25.1%
Gilligan's Island
4.6%
All episodes have the format of a computer filename, including extension. Mr. Robot
44.1%
The IT Crowd
31.3%
C.S.I. Cyber
14%
Rick & Morty
4%
Each two part episode had the Part 2 title rhyme with the Part 1 title. Batman
42.3%
Black Books
10.5%
N.C.I.S.
19.9%
Hill Street Blues
20.8%
The word count of each episode title was the same all season. One word in the 1st & last season, 2 in the 2nd and 6th, 3 in the 3rd & 5th and 4 in the 4th. The Good Wife
40.1%
Community
23.7%
Designing Women
13%
Chicago Hope
16.5%
All episode titles are a pun including the lead character's name, Dick. 3rd Rock From the Sun
37.7%
The Dick Van Dyke Show
47.8%
Eight Is Enough
2.2%
The Smothers Brothers Comedy Hour
6.3%
In its 2nd season, the episode titles provided clues to a shocking event in the season finale. Breaking Bad
32.7%
LOST
44%
The Walking Dead
12.7%
Mad Men
4%
Almost all episode titles were 'My _______', but a few were variations such as 'His _____' or 'Their ______'. Scrubs
31.7%
Seinfeld
6%
My So-Called Life
51.3%
Freaks and Geeks
4.8%
Remove Ads.
Support Sporcle.
Get the best of Sporcle when you Go Orange. This ad-free experience offers more features, more stats, and more fun while also helping to support Sporcle. Thank you for becoming a member.

You're not logged in!

Compare scores with friends on all Sporcle quizzes.
OR
Log In

Show Comments

Extras

Top Quizzes Today


Score Distribution

Your Account Isn't Verified!

In order to create a playlist on Sporcle, you need to verify the email address you used during registration. Go to your Sporcle Settings to finish the process.

Report this User

Report this user for behavior that violates our Community Guidelines.

Details: